00571nam a2200205Ia 450000500170000000800460001702000180006303700100008104000080009104000080009904000080010704100080011504100080012308400080013110000600013924500810019926000230028026000090030385600530031220260121153816.0008 260114s9999 xx 000 0 eng d a9780429284137 aEBOOK aCRL beng cCRL 2eng aeng qCRL aJeyabalan Sangeetha; Devarajan Thangadurai; Saher Islam 0aBeneficial Microbes for Sustainable Agriculture and Environmental Management bTaylor and Francis c2020 uhttp://www.taylorfrancis.com/books/9780429284137